| 000 | 00335nam a2200121Ia 4500 | ||
|---|---|---|---|
| 008 | 210430s9999 xx 000 0 und d | ||
| 082 | _a621.4022 C395 H | ||
| 100 |
_aYunus A Cengel _913419 |
||
| 245 |
_aHeat and Mass Transfer 3rd _cYunus A Cengel |
||
| 260 |
_aNew Delhi _bTata McGraw Hill _c2006 |
||
| 300 | _a879p. | ||
| 942 |
_cBK _2ddc |
||
| 999 |
_c565659 _d565659 |
||